| 000 | 00727nam a2200217Ia 4500 | ||
|---|---|---|---|
| 005 | 20241129105857.0 | ||
| 008 | 241129s9999||||xx |||||||||||||| ||und|| | ||
| 020 | _a978-93-86541-63-5 | ||
| 037 | _aTB | ||
| 040 |
_aARTS _bhin _cARTS |
||
| 041 |
_ahin _2san |
||
| 084 |
_aQ23 152Q8 _qARTS |
||
| 100 |
_aनैन, रलदू राम, ले. _9160906 |
||
| 245 | 0 |
_aपौराणिक सॉंग सरिता _cनैन, रलदू राम, ले. |
|
| 260 |
_aनई दिल्ली, भारत _bएजुकेशनल बुक सर्विस _c2022 |
||
| 300 | _a145पृ0 | ||
| 365 |
_aINR _b400 |
||
| 650 | _aReligion | ||
| 942 |
_cTB _hQ23 152Q8 |
||
| 999 |
_c1226397 _d1226397 |
||